000 00244nam a2200109Ia 4500
008 190216s9999||||xx |||||||||||||| ||und||
100 _aSusheel Kumar
245 0 _aHindi-Mahakavi Kalidas
260 _bUmesh Pub
650 _aHindi
942 _cBK
999 _c15544
_d15544